📖 150 premiers mots "Le vieux qui ne voulait..." Jonasson - Statistiques

Statistiques générales
  • Ce quiz a Ă©tĂ© pris 21 fois
  • Le rĂ©sultat moyen est 95 sur 150
Statistiques - réponses
Mots % Correct
Ă 
100%
Allan
100%
Malmköping
100%
n'
100%
d'
95%
il
95%
L'
95%
l'
95%
le
95%
au
89%
avait
89%
de
89%
et
89%
jour-
89%
la
89%
lĂ 
89%
La
89%
'Lundi
89%
mai
89%
Mais
89%
qu'
89%
s'
89%
se
89%
Södermanland,
89%
un
89%
une
89%
2
84%
était
84%
que
84%
qui
84%
sa
84%
ce
79%
dans
79%
dĂ»
79%
du
79%
On
79%
son
79%
avoir
74%
homme
74%
aurait
68%
dit
68%
jamais
68%
moins
68%
pour
68%
rien
68%
ans.
63%
peu
63%
pu
63%
sur
63%
vieil
63%
cent
58%
mĂȘme ...
58%
temps
58%
allait
53%
été
53%
eu
53%
lui-
53%
maison
53%
donc
47%
premier
47%
courage
42%
Karlsson
42%
2005'
37%
genre
37%
heure
37%
peine
37%
peine.
37%
vu
37%
chambre
32%
étage
32%
trĂšs
32%
esprit
26%
fenĂȘtre
26%
retraite
26%
située
26%
avant
21%
ouvert
21%
déjà
16%
étonnant,
16%
idée
16%
centenaire,
11%
décision.
11%
germer
11%
agir.
5%
entourage
5%
établissement,
5%
jardin.
5%
longtemps
5%
prévenir
5%
réfectoire
5%
réfléchir
5%
acrobatie
0%
adjoint
0%
bande
0%
commençait
0%
debout
0%
décider
0%
maire
0%
organisée
0%
plate-
0%
réception
0%
retrouvé
0%
secoué,
0%
Aucun quiz correspondant
Distribution des résultats
% des personnes avec chaque résultat
Percentile par nombre de réponses
Votre historique - résultats
Vous n’avez pas pris ce quiz